|
|
|
|
| LEADER |
01846nam a2200469 4500 |
| 001 |
ocm86223353 |
| 003 |
OCoLC |
| 005 |
20170124070006.2 |
| 006 |
m o d |
| 007 |
cr cn||||||||| |
| 008 |
070326s1973 nyua ob 001 0 eng d |
| 040 |
|
|
|a DG1
|b eng
|c DG1
|d YDXCP
|d DG1
|d OCLCQ
|d OCLCF
|d OCLCA
|d OCLCQ
|d DEBBG
|d GrThAP
|
| 020 |
|
|
|a 9780470132456
|
| 020 |
|
|
|a 0470132450
|
| 024 |
7 |
|
|a 10.1002/9780470132456
|2 doi
|
| 029 |
1 |
|
|a AU@
|b 000044095637
|
| 029 |
1 |
|
|a GBVCP
|b 790181592
|
| 029 |
1 |
|
|a NZ1
|b 15341119
|
| 029 |
1 |
|
|a DEBBG
|b BV043386026
|
| 035 |
|
|
|a (OCoLC)86223353
|
| 037 |
|
|
|a 10.1002/9780470132456
|b Wiley InterScience
|n http://www3.interscience.wiley.com
|
| 050 |
1 |
4 |
|a QD156
|b .I56 v.14 1973eb
|
| 082 |
0 |
4 |
|a 541.39
|2 22
|
| 049 |
|
|
|a MAIN
|
| 245 |
0 |
0 |
|a Inorganic syntheses.
|n Volume 14 /
|c Aaron Wold and John K. Ruff, editors.
|
| 264 |
|
1 |
|a New York :
|b McGraw Hill,
|c [1973]
|
| 264 |
|
4 |
|c ©1973
|
| 300 |
|
|
|a xiv, 237 pages :
|b illustrations ;
|c 24 cm
|
| 336 |
|
|
|a text
|b txt
|2 rdacontent
|
| 337 |
|
|
|a computer
|b c
|2 rdamedia
|
| 338 |
|
|
|a online resource
|b cr
|2 rdacarrier
|
| 504 |
|
|
|a Includes bibliographical references and indexes.
|
| 533 |
|
|
|a Electronic reproduction.
|b Hoboken, N.J. :
|c Wiley InterScience,
|d 2007.
|n Mode of access: World Wide Web.
|n System requirements: Web browser.
|n Title from title screen (viewed on Mar. 26, 2007).
|n Access may be restricted to users at subscribing institutions.
|
| 650 |
|
0 |
|a Inorganic compounds
|x Synthesis.
|
| 650 |
|
7 |
|a Inorganic compounds
|x Synthesis.
|2 fast
|0 (OCoLC)fst00973762
|
| 655 |
|
4 |
|a Electronic books.
|
| 700 |
1 |
|
|a Wold, Aaron,
|d 1927-
|4 edt
|
| 700 |
1 |
|
|a Ruff, John K.
|4 edt
|
| 710 |
2 |
|
|a Wiley InterScience (Online service)
|
| 776 |
1 |
|
|c Original
|w (OCoLC)39090364
|
| 856 |
4 |
0 |
|u https://doi.org/10.1002/9780470132456
|z Full Text via HEAL-Link
|
| 994 |
|
|
|a 92
|b DG1
|